00382pab a2200133 454500008004000000100002000040245009600060260000900156300001400165362000800179650001100187700001900198773003100217180718b2008 xxu||||| |||| 00| 0 eng d aSimonen, Jaakko aFirm innovation: the influence of R&D cooperation and the geography of human capital inputs c2008 ap.146-54. aJul aLabour aMcCann, Philip aJournal of Urban Economics